00676nam a2200205Ia 450000500170000000800410001702000150005808200210007324500450009426000710013926000530021030000240026365000110028765000100029870000200030870000240032894200060035295200970035899900150045520250109040223.0240331s9999 xx 000 0 und d a8185952906 bKUM25455a305.3 0aFrom Markets to Myths:bEssays on Gender aShimlabDeputy Secretary, Indian Institute of Advanced Studyc1999 aDelhibManohar Publishers and Distributorsc1999 axxx, 395 p., (C II) aGender aWomen aSangari, Keedt aChakravarti, Ueedt cL 001040708LaWERCLbWERCLcSSCd2024-03-31l0o 305.3 FROp5455r2024-03-31w2024-03-31yL c1568d1568